| 000 | 00968nmc a2200301 a 4500 | ||
|---|---|---|---|
| 003 | AR-BaBNM | ||
| 005 | 20251128211300.0 | ||
| 008 | 243120s1999 ||||||||||||||000 | spa|| | ||
| 020 | _a950-802-091-1 | ||
| 040 | _cAR-BaBNM | ||
| 111 | 2 |
_aCongreso Internacional Juventud e Identidad _n3º _d1997 _cBuenos Aires, Argentina |
|
| 245 | 1 | 0 |
_aJuventud e identidad _bIII Congreso Internacional [25, 26 y 27 de setiembre de 1997] : 20 años de lucha de Abuelas de Plaza de Mayo _n1 |
| 250 | _a1ª ed. | ||
| 260 |
_aBuenos Aires _bEspacio Editorial _c1999 |
||
| 300 | 0 | _a205 p. | |
| 490 | 0 | _aCiencias sociales | |
| 650 | 4 | _aDERECHOS HUMANOS | |
| 650 | 4 | _aMOVIMIENTOS SOCIALES | |
| 650 | 4 | _aLUCHAS SOCIALES | |
| 650 | 4 | _aRESISTENCIA | |
| 650 | 4 | _aHOMENAJE | |
| 650 | 4 | _aDESAPARICION DE PERSONAS | |
| 650 | 4 | _aVIOLACION DE LOS DERECHOS HUMANOS | |
| 653 | 0 | _aMADRES DE PLAZA DE MAYO | |
| 653 | 0 | _aDICTADURA MILITAR 1976-1983 | |
| 942 | _cBK | ||
| 998 | _cMariana | ||
| 999 |
_c18990 _d18990 |
||